European Geography Ending In Y - Statistics

General Stats
  • This quiz has been taken 349 times
  • The average score is 10 of 15
Answer Stats
Hint Answer % Correct
Scandinavian country Norway
93%
Country containing Rome and Naples Italy
92%
City-state surrounded by Rome Vatican City
88%
Landlocked country in Central Europe Hungary
86%
Western European country Germany
85%
Largest Mediterranean island Sicily
84%
Transcontinental country Turkey
84%
Largest of the Channel Islands Jersey
78%
One of the Channel Islands Guernsey
71%
Islands that are a Spanish autonomous community and archipelago Canary
69%
Region in Northern Italy, its capital is Milan Lombardy
57%
English city on the banks of the River Derwent Derby
33%
State in eastern Germany Saxony
33%
City in central England Coventry
28%
Ceremonial and non-metropolitan county in South East England Surrey
25%
No matching quizzes found
Score Distribution
Percent of People with Each Score
Percentile by Number Answered
Your Score History
You have not taken this quiz